000 00395nam a2200145Ia 4500
008 200103s9999||||xx |||||||||||||| ||und||
020 _a090781204X
040 _aIMU-MPC
082 _aColumn-61
100 _aMcHoy, Peter and Squire, David
245 0 _aColourful Houseplants an illustrated guide to indoor gardening
260 _bTreasure press, London
_c1986
300 _a128
942 _cBK
999 _c11017
_d11017